000 00775cam a2200265 4500
001 J1678
008 090401t1993 xxu||||| |||| 00| 0 eng d
035 _a(Sirsi) u44866
041 _aeng
050 _a690.023
100 _aNobbs, Harry
245 _aFuture role of construction specialists.
260 _aLondon
_bBusiness Round Table Limited
_c1993
300 _aiii,28p. ; 30cm.
350 _a15
520 _aPaper prepared for the Construction Industry Sector Group.
650 _aBUILDING INDUSTRY
650 _aCONSTRUCTION PROFESSIONALS
650 _aCONSTRUCTION SPECIALISTS
650 _aCAREERS, EDUCATION AND TRAINING
690 _aBUILT ENVIRONMENT
710 _aConstruction Industry Sector Group
_91655
942 _n0
948 _c04/03/1997
999 _c91609
_d91609